Statistics for Tall Mountain Countries

Click here to take the quiz!

General Stats

  • This quiz has been taken 59 times
  • The average score is 49 of 67

Answer Stats

Highest ElevationCountry% Correct
8,848m (29,029ft)China
98%
8,586m (28,169ft)India
98%
8,848m (29,029ft)Nepal
98%
7,570m (24,836ft)Bhutan
93%
5,642m (18,510ft)Russia
93%
8,611m (28,251ft)Pakistan
90%
4,634m (15,203ft)Switzerland
90%
6,961m (22,837ft)Argentina
88%
6,893m (22,615ft)Chile
88%
4,808m (15,774ft)France
88%
3,724m (12,218ft)New Zealand
88%
3,450m (11,319ft)South Africa
88%
5,892m (19,331ft)Tanzania
88%
6,190m (20,310ft)United States
88%
5,775m (18,950ft)Colombia
86%
4,808m (15,774ft)Italy
86%
7,010m (23,000ft)Kazakhstan
86%
5,200m (17,057ft)Kenya
86%
6,542m (21,463ft)Bolivia
83%
5,959m (19,551ft)Canada
83%
5,609m (18,403ft)Iran
83%
7,439m (24,406ft)Kyrgyzstan
83%
5,426m (17,802ft)Mexico
83%
4,509m (14,793ft)Papua New Guinea
83%
5,137m (16,854ft)Turkey
83%
3,138m (10,295ft)Turkmenistan
83%
3,798m (12,461ft)Austria
81%
6,746m (22,132ft)Peru
81%
7,495m (24,590ft)Tajikistan
81%
5,110m (16,765ft)Uganda
81%
4,978m (16,332ft)Venezuela
81%
6,263m (20,548ft)Ecuador
79%
4,220m (13,845ft)Guatemala
79%
4,884m (16,024ft)Indonesia
79%
3,608m (11,834ft)Iraq
79%
3,776m (12,388ft)Japan
79%
4,643m (15,233ft)Uzbekistan
79%
7,492m (24,580ft)Afghanistan
76%
5,137m (16,854ft)Armenia
76%
4,446m (14,652ft)Azerbaijan
76%
5,110m (16,765ft)Democratic Republic of the Congo
76%
4,550m (14,928ft)Ethiopia
76%
3,478m (11,411ft)Spain
76%
3,821m (12,536ft)Costa Rica
71%
5,201m (17,064ft)Georgia
71%
3,003m (9,852ft)Algeria
69%
4,165m (13,665ft)Morocco
69%
5,881m (19,295ft)Myanmar
69%
4,507m (14,787ft)Rwanda
69%
3,475m (11,401ft)Panama
64%
4,374m (14,350ft)Mongolia
62%
3,143m (10,312ft)Vietnam
62%
3,090m (10,131ft)Sudan
60%
3,098m (10,164ft)Dominican Republic
55%
4,095m (13,435ft)Malaysia
55%
3,187m (10,456ft)South Sudan
55%
3000m (9,843 ft)Saudi Arabia
52%
3,445m (11,302ft)Chad
50%
3,482m (11,424ft)Lesotho
50%
3,666m (12,028ft)Yemen
50%
3,018m (9,902ft)Eritrea
48%
3,009m (9,870 ft)Oman
48%
4,040m (13,255ft)Cameroon
45%
3,002m (9,849ft)Malawi
40%
3,088m (10,131ft)Lebanon
38%
3,952m (12,966ft)Taiwan
29%
3,008m (9,869ft)Equatorial Guinea
17%

Score Distribution

Percentile by Number Answered

Percent of People with Each Score

Your Score History

You have not taken this quiz